000 00361nam a2200169Ia 4500
100 _aHart/Daniel W
650 _aPower electronics
942 _cBK
366 _f20
654 _apower electronics
245 _aPower Electronics
260 _bMc Graw Hill
_c2011
082 _a4.65
_bDAN
300 _a477
546 _aENGLISH
_cPAMPHALETS
999 _c25014
_d25014